Tilastot visalle Euroopan kylmimmät maat

Klikkaa tästä pelataksesi tätä visaa!

Yleistilastot

  • Tätä visaa on pelattu 129 kertaa
  • Keskiarvotulos 9 / 10

Vastaustilastot

° CKylmä Maa% Oikein
1.75Islanti
100%
1.50Norja
100%
2.10Ruotsi
100%
1.70Suomi
100%
-5.10Venäjä
100%
5.10Viro
96%
5.60Latvia
92%
6.15Valkovenäjä
71%
5.50Sveitsi
62%
5.65Liechtenstein
32%

Tulosjakauma

Persentiili vastausten määrän mukaan

Jokaisen tuloksen saaneiden osuus

Tuloshistoriasi

Et ole pelannut tätä visaa